000 00730nam a2200265Ia 4500
005 20260121170654.0
008 008 260114s9999 xx 000 0 eng d
020 _a9789811303296
037 _aEBOOK
040 _aCRL
040 _beng
040 _cCRL
041 _2eng
041 _aeng
084 _qCRL
100 _aDilfuza Egamberdieva, Nils-Kåre Birkeland, Hovik Panosyan, Wen-Jun Li
_91066749
245 0 _aExtremophiles in Eurasian Ecosystems: Ecology, Diversity, and Applications
260 _bSpringer
260 _bSpringer
260 _c2018
856 _uhttps://link.springer.com/openurl?genre=book&isbn=978-981-13-0329-6
942 _cEBOOK
999 _c1632479
_d1632479